000 00449nam a2200181Ia 4500
008 100917s9999 xx 000 0 und d
082 _b55983
100 _aबोरकर कमलाकर
245 _aलाखण
260 _bत्रदिल प्रकाशन
_c1982
300 _a80
365 _b6
520 _aनाटक
630 _aलाखण
650 _aनाटक
730 _aलाखण
942 _cBOOK
999 _c661377
_d661374